<?xml version="1.0" encoding="UTF-8"?>
<record
    xmlns:xsi="http://www.w3.org/2001/XMLSchema-instance"
    xsi:schemaLocation="http://www.loc.gov/MARC21/slim http://www.loc.gov/standards/marcxml/schema/MARC21slim.xsd"
    xmlns="http://www.loc.gov/MARC21/slim">

  <leader>01415nam a2200253   4500</leader>
  <datafield tag="952" ind1=" " ind2=" ">
    <subfield code="0">0</subfield>
    <subfield code="1">0</subfield>
    <subfield code="4">0</subfield>
    <subfield code="7">0</subfield>
    <subfield code="a">01</subfield>
    <subfield code="b">01</subfield>
    <subfield code="d">2018-06-26</subfield>
    <subfield code="l">1</subfield>
    <subfield code="o">658.401 P933e</subfield>
    <subfield code="p">01 014580</subfield>
    <subfield code="r">2019-04-09</subfield>
    <subfield code="s">2019-04-09</subfield>
    <subfield code="t">1</subfield>
    <subfield code="w">2018-06-26</subfield>
    <subfield code="y">LB</subfield>
  </datafield>
  <datafield tag="952" ind1=" " ind2=" ">
    <subfield code="0">0</subfield>
    <subfield code="1">0</subfield>
    <subfield code="2">lcc</subfield>
    <subfield code="4">0</subfield>
    <subfield code="7">0</subfield>
    <subfield code="a">12</subfield>
    <subfield code="b">12</subfield>
    <subfield code="d">2018-08-21</subfield>
    <subfield code="l">0</subfield>
    <subfield code="o">HD62.5 P75 2014</subfield>
    <subfield code="p">24 000779</subfield>
    <subfield code="r">2024-04-30</subfield>
    <subfield code="t">1</subfield>
    <subfield code="w">2018-08-21</subfield>
    <subfield code="y">LB</subfield>
    <subfield code="f"></subfield>
  </datafield>
  <datafield tag="999" ind1=" " ind2=" ">
    <subfield code="c">103061</subfield>
    <subfield code="d">103061</subfield>
  </datafield>
  <controlfield tag="008">180626s2014    mx a|||| |||| 00| 0 spa d</controlfield>
  <datafield tag="020" ind1=" " ind2=" ">
    <subfield code="a">9786073225076</subfield>
  </datafield>
  <datafield tag="050" ind1=" " ind2=" ">
    <subfield code="a">HD62.5</subfield>
    <subfield code="b">P754 2014</subfield>
  </datafield>
  <datafield tag="082" ind1=" " ind2=" ">
    <subfield code="a">658.401</subfield>
    <subfield code="b">P933e</subfield>
  </datafield>
  <datafield tag="100" ind1="1" ind2=" ">
    <subfield code="a">Prieto Sierra, Carlos</subfield>
    <subfield code="e">autor</subfield>
  </datafield>
  <datafield tag="245" ind1=" " ind2=" ">
    <subfield code="a">Emprendimiento</subfield>
    <subfield code="b">: Conceptos y plan de negocios</subfield>
  </datafield>
  <datafield tag="260" ind1=" " ind2=" ">
    <subfield code="a">M&#xE9;xico</subfield>
    <subfield code="b">: Pearson Educaci&#xF3;n</subfield>
    <subfield code="c">, 2014</subfield>
  </datafield>
  <datafield tag="300" ind1=" " ind2=" ">
    <subfield code="a">xv, 336 p&#xE1;ginas</subfield>
    <subfield code="b">: ilustraciones</subfield>
  </datafield>
  <datafield tag="500" ind1=" " ind2=" ">
    <subfield code="a">Incluye: Anexo e &#xCD;ndice</subfield>
  </datafield>
  <datafield tag="504" ind1=" " ind2=" ">
    <subfield code="a">Bibliograf&#xED;a en cada cap&#xED;tulo</subfield>
  </datafield>
  <datafield tag="505" ind1=" " ind2=" ">
    <subfield code="a">La empresa
Ciclo de vida de las empresas
Organiaci&#xF3;n empresarial
&#xC9;tica empresarial
Responsabilidad social empresarial
Las &#xE1;reas funcionales de la empresa
Mercadotecnia y ventas
Operaciones y cadena de suministro
Recursos humanos
Finanzas
Tecnolog&#xED;a y sistemas
La empresa y su entorno
Innovaci&#xF3;n y emprendimiento
Perfil del empresario, el emprendedor y el innovador
Pensamiento cr&#xED;tico: herramienta del innovador
&#xBF;Qu&#xE9; es un plan de negocios?
Estructura del plan de negocios
</subfield>
  </datafield>
  <datafield tag="519" ind1=" " ind2=" ">
    <subfield code="a">Material Complementario</subfield>
    <subfield code="d">(01 014580)</subfield>
  </datafield>
  <datafield tag="519" ind1=" " ind2=" ">
    <subfield code="a">Plan Flexible / 

</subfield>
    <subfield code="d">(24 000779)</subfield>
    <subfield code="b">Contador P&#xFA;blico IPN / 
</subfield>
    <subfield code="c">Plan de negocios integral (N5-VIII-12) / 
</subfield>
  </datafield>
  <datafield tag="650" ind1="1" ind2="4">
    <subfield code="a">CAPACIDAD EMPRESARIAL</subfield>
  </datafield>
  <datafield tag="650" ind1="2" ind2="4">
    <subfield code="a">PLANIFICACI&#xD3;N ESTRAT&#xC9;GICA</subfield>
  </datafield>
  <datafield tag="650" ind1="2" ind2="4">
    <subfield code="a">ADMINISTRACI&#xD3;N INDUSTRIAL</subfield>
  </datafield>
  <datafield tag="942" ind1=" " ind2=" ">
    <subfield code="c">LB</subfield>
  </datafield>
</record>
